• 首页
  • 本馆介绍
  • 公告通知
  • 最新文献
  • 馆藏检索
  • 电子资源
  • 读者导购
  • 参考咨询
  • 我的图书馆
  • 登录
  • 详细信息显示
  • 放入我的书架
  • 预约/预借图书
  • 作者相关作品
  • 分类相关作品
  • 丛书相关作品
  • 出版社相关作品

书目信息

  • 表格格式
  • 工作单格式
  • 卡片格式
题名:
建设项目评估
    
 
作者: 曹尔阶 主编
分册:  
出版信息: 北京   中国财政经济出版社  1987
页数: 435页
开本: 19cm
丛书名: 投资管理丛书
单 册:
中图分类: F282
科图分类:
主题词: 基本建设项目-项目评价 , 项目评价-基本建设项目
电子资源:
ISBN:
000 00709nam2 2200265 45
001 0187002503
005 20060808170338.45
010    @dCNY2.30
091    @aCN@b4166.843
100    @a19900808d1987 emky0chiy0121 ea
101 0  @achi
102    @aCN@b110000
105    @aa z 000yy
200 10 @a建设项目评估@Ajian she xiang mu ping gu@f曹尔阶主编
210    @a北京@c中国财政经济出版社@d1987
215    @a435页@c图表@d19cm
225 2  @a投资管理丛书
410  0 @120010@a投资管理丛书
606    @a基本建设项目-项目评价
606    @a项目评价-基本建设项目
690    @aF282@v3
701  0 @a曹尔阶@Acao er jie@4主编
801  2 @aCN@bNLC@c20060808
801  0 @aCN@bTSSF
905    @a10447@dF282@e239
    
    建设项目评估/曹尔阶主编.-北京:中国财政经济出版社,1987
    435页:图表;19cm.-(投资管理丛书)
    
    
    ISBN :CNY2.30
    
●
相关链接 在E读中查询图书 在五车中查询图书 在当当中查询图书 在豆瓣中查询图书


正题名:建设项目评估     索取号:F282/239         预约/预借

序号 登录号 条形码 馆藏地/架位号 状态 备注
1 0447472   204474728   密集书库/ [索取号:F282/239] 在馆    
2 0447473   204474737   密集书库/ [索取号:F282/239] 在馆    
唐山师范学院图书馆 欢迎您!
大连网信软件有限公司© 版权所有